000 00315nam a2200121Ia 4500
999 _c10885
_d10885
008 191201s2007 xx 000 0 und d
100 _aGHOSH, G.K.
245 0 _aIKAT Textiles of India
260 _aNew Delhi
_bAPH Pub
_c2014
300 _a145
650 _aBachelor of Fashion and Apparel Design
942 _2ddc
_cBK